[Event "II Weekend"]
[Site "Recco ITA"]
[Date "2008.11.30"]
[Round "4"]
[White "Biancotti, Alessandro"]
[Black "Caputi, Giuliano"]
[Result "1-0"]
[WhiteElo "1837"]
[BlackElo "1963"]
[PlyCount "113"]
[EventDate "2008.11.28"]

1. e4 e5 2. Nf3 Nc6 3. Bb5 a6 4. Ba4 Nf6 5. O-O Be7 6. Re1 b5 7. Bb3 O-O 8. c3
d6 9. h3 Na5 10. Bc2 c5 11. d4 Nc6 12. d5 Na5 13. Nbd2 Bd7 14. Nf1 Qc7 15. b3
Nb7 16. Bg5 a5 17. c4 bxc4 18. bxc4 a4 19. Ne3 Na5 20. Bxf6 Bxf6 21. Nd2 Rfb8
22. Rb1 Rb4 23. Qe2 Rab8 24. Rxb4 Rxb4 25. Rb1 Qb6 26. Qd1 Bg5 27. a3 Rxb1 28.
Qxb1 Qxb1+ 29. Bxb1 Nb3 30. Nxb3 axb3 31. Kf1 Bd8 32. Ke2 Ba5 33. Nd1 Kf8 34.
Kd3 f5 35. f3 g5 36. Nc3 g4 37. hxg4 fxg4 38. Ne2 gxf3 39. gxf3 h5 40. Ke3 Be1
41. f4 exf4+ 42. Nxf4 h4 43. Kf3 Kf7 44. Kg2 Bd2 45. Nd3 Kf6 46. e5+ dxe5 47.
Nxc5 h3+ 48. Kh1 Bf5 49. Bxf5 Kxf5 50. Nxb3 Bg5 51. c5 e4 52. c6 Bd8 53. d6 Ke6
54. c7 Bxc7 55. dxc7 Kd7 56. Nc5+ Kxc7 57. Nxe4 1-0

[Event "II Weekend"]
[Site "Recco ITA"]
[Date "2008.11.30"]
[Round "4"]
[White "Brun, Dario"]
[Black "Ljubisavljevic, Zivojin Z."]
[Result "1/2-1/2"]
[WhiteElo "2269"]
[BlackElo "2248"]
[PlyCount "103"]
[EventDate "2008.11.28"]

1. d4 d5 2. c4 e6 3. Nc3 f5 4. Nf3 c6 5. Bf4 Nf6 6. e3 Bb4 7. Qc2 Ne4 8. Nd2
O-O 9. Ndxe4 fxe4 10. c5 b6 11. a3 Bxc3+ 12. Qxc3 bxc5 13. Qxc5 Qb6 14. b4 Nd7
15. Qd6 a5 16. b5 cxb5 17. Qxb6 Nxb6 18. Bxb5 Ba6 19. Bxa6 Rxa6 20. O-O Nc4 21.
Rfb1 Ra7 22. a4 h6 23. Rb5 Kh7 24. Rab1 Kg6 25. Rb8 Rff7 26. h3 Ra6 27. R1b7
Rxb7 28. Rxb7 Rb6 29. Ra7 Rb4 30. g4 Kf6 31. Be5+ Nxe5 32. dxe5+ Kxe5 33. Rxa5
g5 34. Ra8 d4 35. exd4+ Rxd4 36. a5 Rd3 37. Kg2 e3 38. fxe3 Rxe3 39. a6 Ra3 40.
a7 Ke4 41. Re8 Rxa7 42. Rxe6+ Kf4 43. Rf6+ Ke4 44. Rxh6 Ra2+ 45. Kg3 Ra3+ 46.
Kf2 Ra2+ 47. Ke1 Kf4 48. Rf6+ Kg3 49. Rf5 Kxh3 50. Rxg5 Rg2 51. Kf1 Rxg4 52.
Rxg4 1/2-1/2

[Event "II Weekend"]
[Site "Recco ITA"]
[Date "2008.11.30"]
[Round "4"]
[White "Coqueraut, Jean Dominique"]
[Black "Cardona, Paolo"]
[Result "0-1"]
[WhiteElo "1892"]
[BlackElo "1880"]
[PlyCount "68"]
[EventDate "2008.11.28"]

1. d4 d5 2. c4 e6 3. Nf3 f5 4. cxd5 exd5 5. Bg5 Nf6 6. e3 Be7 7. Nc3 c6 8. Bd3
O-O 9. Qc2 Ne4 10. Bxe7 Qxe7 11. Ne5 Nd7 12. Nxd7 Bxd7 13. O-O-O Kh8 14. Rde1
a5 15. f3 Nxc3 16. bxc3 b5 17. h4 Qa3+ 18. Kd2 b4 19. c4 a4 20. Rb1 Rfb8 21.
Rb2 b3 22. Qc3 Qd6 23. f4 Qg6 24. Kc1 a3 25. Re2 dxc4 26. Bxc4 b2+ 27. Kb1 Be6
28. Bd3 Qf7 29. Kc2 Bxa2 30. Kd2 b1=N+ 31. Bxb1 Bxb1 32. Ke1 a2 33. Qa1 Bd3 34.
Rxa2 Rxa2 0-1

[Event "II Weekend"]
[Site "Recco ITA"]
[Date "2008.11.30"]
[Round "4"]
[White "Manfredi, Vincenzo"]
[Black "Pedini, Dario"]
[Result "1/2-1/2"]
[WhiteElo "2206"]
[BlackElo "2123"]
[PlyCount "110"]
[EventDate "2008.11.28"]

1. d4 f5 2. g3 Nf6 3. Bg2 d5 4. Nf3 e6 5. O-O Bd6 6. c4 c6 7. Bf4 Bxf4 8. gxf4
O-O 9. e3 Nbd7 10. Ne5 Qe7 11. Nd2 Ne4 12. Qe2 Nxe5 13. dxe5 Nxd2 14. Qxd2 b6
15. cxd5 cxd5 16. Rfc1 Ba6 17. Rc6 Rfd8 18. Rac1 Rd7 19. Qd4 Kh8 20. Qa4 Bb7
21. R6c3 Rg8 22. Qd4 g5 23. Kh1 g4 24. Kg1 h5 25. Rd1 Qd8 26. e4 fxe4 27. Bxe4
Rdg7 28. f5 exf5 29. Bxf5 Rf8 30. Be4 Qe7 31. Bxd5 Bxd5 32. Qxd5 Rg5 33. Re3
Re8 34. Qd4 Qe6 35. Rde1 Kg8 36. Qd6 Rf5 37. b3 Re7 38. a4 Qxd6 39. exd6 Rxe3
40. Rxe3 Rd5 41. Re8+ Kf7 42. Re7+ Kf6 43. Rxa7 Rxd6 44. a5 bxa5 45. Rxa5 Kg6
46. Re5 Rd2 47. b4 Rb2 48. b5 Rb3 49. h4 gxh3 50. Rc5 Rb2 51. f4 h4 52. Rg5+
Kf6 53. Rh5 Kg6 54. Rc5 Kf6 55. Kh1 Kg6 1/2-1/2

[Event "II Weekend"]
[Site "Recco ITA"]
[Date "2008.11.30"]
[Round "4"]
[White "Pedemonte, Claudio"]
[Black "Gioseffi, Massimiliano"]
[Result "0-1"]
[WhiteElo "1832"]
[BlackElo "2109"]
[PlyCount "68"]
[EventDate "2008.11.28"]

1. c4 e5 2. g3 Nc6 3. Bg2 g6 4. Nc3 Bg7 5. e4 Nge7 6. Nge2 O-O 7. O-O d6 8. d3
Be6 9. h3 Qd7 10. Kh2 h6 11. Nd5 Kh7 12. f4 f5 13. Be3 Nd4 14. Nxd4 exd4 15.
Bg1 Ng8 16. Nb4 fxe4 17. Bxe4 Bxh3 18. Bxb7 Bxf1 19. Qxf1 Rab8 20. Bc6 Qf5 21.
Be4 Qh5+ 22. Kg2 Rxb4 23. b3 Qg4 24. Qe1 Rbb8 25. Qd2 Rfe8 26. Bf2 c5 27. Rh1
Rxe4 28. dxe4 Nf6 29. Qd3 Re8 30. Rh4 Qe6 31. f5 gxf5 32. exf5 Qe2 33. Qb1 d3
34. Qh1 d2 0-1

[Event "II Weekend"]
[Site "Recco ITA"]
[Date "2008.11.30"]
[Round "4"]
[White "Vicentini, Andrea"]
[Black "Militello, Michele"]
[Result "1/2-1/2"]
[WhiteElo "1771"]
[BlackElo "1902"]
[PlyCount "95"]
[EventDate "2008.11.28"]

1. e4 e5 2. Nf3 d6 3. d4 Nf6 4. Nc3 Nbd7 5. dxe5 dxe5 6. Bc4 Be7 7. O-O O-O 8.
h3 c6 9. Be3 b5 10. Bd3 Bb7 11. a3 a6 12. b3 Qc7 13. Bg5 Rfe8 14. Qe2 Nf8 15.
g3 Ne6 16. Be3 Nd7 17. Rfd1 Ndc5 18. Qe1 Red8 19. Be2 Bf6 20. b4 Nd7 21. a4
Ndf8 22. Bd3 Nd4 23. Nxd4 exd4 24. Bf4 Be5 25. Ne2 Ng6 26. Bxe5 Nxe5 27. Kg2 c5
28. bxc5 Qxc5 29. axb5 axb5 30. Nf4 Bc6 31. Rxa8 Rxa8 32. Ra1 Ra4 33. Qb1 h6
34. Rxa4 bxa4 35. Qb8+ Kh7 36. Nd5 Nxd3 37. cxd3 Bxd5 38. Qe5 Bxe4+ 39. Qxe4+
g6 40. h4 h5 41. Qf3 Kg7 42. g4 hxg4 43. Qxg4 Kf8 44. Qf4 Qb6 45. Qe5 f6 46.
Qe4 Kf7 47. Qd5+ Kf8 48. Qa8+ 1/2-1/2

[Event "II Weekend"]
[Site "Recco ITA"]
[Date "2008.11.30"]
[Round "5"]
[White "Altieri, Danilo Mario"]
[Black "Biancotti, Alessandro"]
[Result "1-0"]
[WhiteElo "1984"]
[BlackElo "1837"]
[PlyCount "95"]
[EventDate "2008.11.28"]

1. d4 Nf6 2. c4 g6 3. Nc3 d5 4. e3 Bg7 5. Nf3 O-O 6. cxd5 Nxd5 7. Bc4 Nxc3 8.
bxc3 c5 9. O-O Nc6 10. Ba3 cxd4 11. cxd4 Bg4 12. h3 Bf5 13. Bd3 Bxd3 14. Qxd3
Re8 15. Qb5 Qa5 16. Qxb7 Nxd4 17. Nxd4 Qxa3 18. Qb3 Qxb3 19. axb3 Bxd4 20. exd4
e6 21. Ra4 Reb8 22. b4 Rb7 23. Rfa1 Kf8 24. Kf1 Ke7 25. Ke2 h5 26. Kd3 Rc7 27.
b5 Rb7 28. Rb1 Rb6 29. Ra6 f6 30. Kc4 Rc8+ 31. Kd3 Ra8 32. Rb4 Kd6 33. Rba4
Rab8 34. Rxb6+ Rxb6 35. Kc4 Rb7 36. Ra6+ Kd7 37. g4 hxg4 38. hxg4 Rc7+ 39. Kb4
Ke7 40. f4 Kd7 41. f5 gxf5 42. gxf5 e5 43. Rxf6 exd4 44. Rf7+ Kd6 45. Rxc7 Kxc7
46. Kc4 d3 47. Kxd3 Kd6 48. Kd4 1-0

[Event "II Weekend"]
[Site "Recco ITA"]
[Date "2008.11.30"]
[Round "5"]
[White "Gandolfi, Gianfranco"]
[Black "Bozzo, Alberto"]
[Result "0-1"]
[WhiteElo "1837"]
[BlackElo "1686"]
[PlyCount "52"]
[EventDate "2008.11.28"]

1. e4 d6 2. d4 Nf6 3. Nc3 g6 4. Bc4 Bg7 5. f3 Nbd7 6. Nge2 c5 7. dxc5 Nxc5 8.
Be3 Bd7 9. Qd2 Rc8 10. O-O O-O 11. Bb5 Bxb5 12. Nxb5 a6 13. Nbd4 Qb6 14. c3 Qc7
15. Bh6 Rfd8 16. Bxg7 Kxg7 17. Kh1 d5 18. exd5 Rxd5 19. Qe1 Rcd8 20. Qh4 Rh5
21. Qg3 Qxg3 22. Nxg3 Rhd5 23. Rfe1 e5 24. Nde2 Rd2 25. Rab1 Nd3 26. Kg1 Nxe1
0-1

[Event "II Weekend"]
[Site "Recco ITA"]
[Date "2008.11.30"]
[Round "5"]
[White "Gioseffi, Massimiliano"]
[Black "Schiappacasse, Marcello"]
[Result "1-0"]
[WhiteElo "2109"]
[BlackElo "1890"]
[PlyCount "53"]
[EventDate "2008.11.28"]

1. d4 Nf6 2. c4 e6 3. Nf3 b6 4. a3 Bb7 5. Nc3 Be7 6. Qc2 d5 7. cxd5 exd5 8. Bf4
O-O 9. e3 Nbd7 10. Bd3 Re8 11. O-O a6 12. Rac1 Nf8 13. Na4 c5 14. dxc5 bxc5 15.
Nxc5 Rc8 16. Nxb7 Qb6 17. Qe2 Rxc1 18. Rxc1 Qxb7 19. Bxa6 Qa8 20. Nd4 Ng6 21.
Bc7 Ne4 22. Bb5 Rc8 23. Bd7 Rf8 24. Qc2 Nc5 25. Bc6 Qa7 26. Bg3 Rd8 27. Bb5 1-0

[Event "II Weekend"]
[Site "Recco ITA"]
[Date "2008.11.30"]
[Round "5"]
[White "Gromovs, Sergejs"]
[Black "Ljubisavljevic, Zivojin Z."]
[Result "1-0"]
[WhiteElo "2368"]
[BlackElo "2248"]
[PlyCount "67"]
[EventDate "2008.11.28"]

1. d4 Nf6 2. Nf3 d5 3. c4 dxc4 4. e3 e6 5. Bxc4 c5 6. O-O cxd4 7. Nxd4 Be7 8.
Nc3 a6 9. a4 Bd7 10. e4 Nc6 11. Nf3 Qa5 12. Qe2 Ng4 13. Nd5 O-O 14. Bd2 Qd8 15.
Nxe7+ Qxe7 16. Bc3 Rac8 17. Bb3 b5 18. axb5 axb5 19. h3 Nf6 20. Rfd1 Rfd8 21.
e5 Ne8 22. Qe4 Ra8 23. Rxa8 Rxa8 24. Bc2 g6 25. Nd4 Rc8 26. Nxb5 Nc7 27. Nxc7
Rxc7 28. Ba4 Qe8 29. Rd6 Ne7 30. Ba5 Ra7 31. Bxd7 Qb8 32. b4 Nd5 33. h4 h5 34.
Bc6 1-0

[Event "II Weekend"]
[Site "Recco ITA"]
[Date "2008.11.30"]
[Round "5"]
[White "Manfredi, Vincenzo"]
[Black "Brun, Dario"]
[Result "1/2-1/2"]
[WhiteElo "2206"]
[BlackElo "2269"]
[PlyCount "49"]
[EventDate "2008.11.28"]

1. d4 d5 2. c4 e6 3. Nc3 c6 4. cxd5 exd5 5. Bf4 Nf6 6. e3 Bf5 7. Bd3 Bxd3 8.
Qxd3 Bd6 9. Bxd6 Qxd6 10. Nge2 O-O 11. O-O Re8 12. Ng3 Nbd7 13. Rae1 Rad8 14.
f3 Nf8 15. Kh1 Ng6 16. Nf5 Qd7 17. g4 h6 18. Rg1 Ne7 19. Ng3 Nh7 20. Qd2 f5 21.
Nxf5 Nxf5 22. gxf5 Qxf5 23. Rg3 Ng5 24. Qg2 Qf7 25. h4 1/2-1/2

[Event "II Weekend"]
[Site "Recco ITA"]
[Date "2008.11.30"]
[Round "5"]
[White "Militello, Michele"]
[Black "Lettich, Sergio"]
[Result "1/2-1/2"]
[WhiteElo "1902"]
[BlackElo "2032"]
[PlyCount "81"]
[EventDate "2008.11.28"]

1. d4 Nf6 2. Nf3 g6 3. Nbd2 Bg7 4. e4 d6 5. Bd3 O-O 6. O-O Nbd7 7. c3 c5 8. Qe2
cxd4 9. cxd4 Nb6 10. Nb3 Bd7 11. Bf4 Rc8 12. Rac1 Nh5 13. Bd2 Na8 14. Rxc8 Qxc8
15. Rc1 Qb8 16. Bb5 Bxb5 17. Qxb5 Rc8 18. Qd7 Rxc1+ 19. Bxc1 Bf8 20. e5 Nb6 21.
Qb5 Qc7 22. Qd3 Ng7 23. exd6 Qxd6 24. g3 Ne6 25. Qe4 Qd5 26. Qxd5 Nxd5 27. Na5
b6 28. Nc6 a5 29. Kf1 Bg7 30. Ke2 Kf8 31. Kd3 Ke8 32. Kc4 Nec7 33. a4 e6 34.
Bd2 f6 35. Na7 Kd7 36. Ne1 Bf8 37. Nd3 Na6 38. Kb5 Nb8 39. Kc4 Kc7 40. Nb5+ Kc6
41. Na7+ 1/2-1/2

[Event "II Weekend"]
[Site "Recco ITA"]
[Date "2008.11.30"]
[Round "5"]
[White "Pedemonte, Claudio"]
[Black "Roversi, Stefano"]
[Result "1-0"]
[WhiteElo "1832"]
[BlackElo "1839"]
[PlyCount "79"]
[EventDate "2008.11.28"]

1. c4 Nf6 2. Nc3 g6 3. e4 d6 4. g3 Bg7 5. Bg2 c5 6. Nge2 Nc6 7. d3 O-O 8. O-O
a6 9. f4 Bg4 10. h3 Bxe2 11. Nxe2 Rb8 12. Rb1 Qc8 13. f5 b5 14. fxg6 hxg6 15.
b3 bxc4 16. dxc4 Ne5 17. Be3 Qc6 18. Nc3 e6 19. Bg5 Nh5 20. Ne2 f6 21. Be3 Bh8
22. Qd2 Qc7 23. g4 Ng7 24. Rf2 Nxc4 25. Qd3 Nxe3 26. Qxe3 c4 27. Nf4 Kh7 28.
Rc2 g5 29. Ne2 Rfc8 30. Rxc4 Qxc4 31. bxc4 Rxb1+ 32. Kh2 Rb2 33. Qd3 e5 34. Nc3
Ne8 35. Qd5 Rcb8 36. Qf7+ Bg7 37. Nd5 Rxa2 38. Ne7 Rbb2 39. Qg6+ Kh8 40. Qh5+
1-0

[Event "II Weekend"]
[Site "Recco ITA"]
[Date "2008.11.30"]
[Round "5"]
[White "Pedini, Dario"]
[Black "Cardona, Paolo"]
[Result "1-0"]
[WhiteElo "2123"]
[BlackElo "1880"]
[PlyCount "65"]
[EventDate "2008.11.28"]

1. e4 e5 2. Nf3 d6 3. d4 exd4 4. Nxd4 Nf6 5. Nc3 Be7 6. Bf4 a6 7. Qf3 c6 8. h3
Qb6 9. O-O-O O-O 10. g4 c5 11. Nf5 Bxf5 12. gxf5 Nbd7 13. Rg1 Ne5 14. Qg2 g6
15. Bh6 Rfe8 16. f4 Nc6 17. Bc4 d5 18. fxg6 hxg6 19. exd5 Na5 20. Bd3 Nh5 21.
d6 Bxd6 22. Bxg6 Bxf4+ 23. Bxf4 fxg6 24. Nd5 Qc6 25. Bg5 Kh7 26. b3 Re6 27. Bd2
b6 28. Qg5 Ra7 29. Qh6+ Kg8 30. Qxh5 Rh7 31. Qg5 Nb7 32. Bc3 Rxh3 33. Bf6 1-0

[Event "II Weekend"]
[Site "Recco ITA"]
[Date "2008.11.30"]
[Round "5"]
[White "Pieri, Enzo"]
[Black "Coqueraut, Jean Dominique"]
[Result "0-1"]
[WhiteElo "1846"]
[BlackElo "1892"]
[PlyCount "78"]
[EventDate "2008.11.28"]

1. d4 d5 2. Nf3 Nf6 3. e3 c6 4. Bd3 Bg4 5. Nbd2 e6 6. O-O Bd6 7. Re1 Nbd7 8. c3
Qc7 9. h3 Bf5 10. e4 Nxe4 11. Nxe4 dxe4 12. Rxe4 Bg6 13. Re1 O-O-O 14. b4 b6
15. a4 Bxd3 16. Qxd3 Nf6 17. Ba3 Kb8 18. Qb1 Nd5 19. c4 Nf4 20. c5 Be7 21. Qe4
Nd5 22. Ne5 f5 23. Qf3 Bf6 24. cxb6 axb6 25. Rac1 Bxe5 26. Rxe5 Qd7 27. Qe2
Rhe8 28. b5 cxb5 29. axb5 Nf4 30. Qe3 Qxd4 31. Qxd4 Rxd4 32. Rc6 Kb7 33. Bc1
Rd1+ 34. Kh2 Rxc1 35. Rxc1 Nd3 36. Rce1 Nxe5 37. Rxe5 Kc7 38. Kg3 Kd6 39. Re2
Rc8 0-1

[Event "II Weekend"]
[Site "Recco ITA"]
[Date "2008.11.30"]
[Round "5"]
[White "Rivara, Massimo"]
[Black "Cavatorta, Ivan"]
[Result "1/2-1/2"]
[WhiteElo "1845"]
[BlackElo "1868"]
[PlyCount "102"]
[EventDate "2008.11.28"]

1. e4 e6 2. d3 d5 3. Nd2 c5 4. g3 Nc6 5. Ngf3 Nf6 6. Bg2 Be7 7. O-O dxe4 8.
dxe4 e5 9. c3 O-O 10. Qc2 h6 11. Nc4 Qc7 12. Ne3 Be6 13. Nh4 Rfd8 14. Nhf5 Bf8
15. b3 g6 16. Nh4 Bg7 17. Ba3 Qa5 18. Bb2 Qc7 19. f4 Qb6 20. Kh1 c4 21. Nxc4
Bxc4 22. bxc4 Qc5 23. Qe2 Na5 24. Rad1 Qxc4 25. Qf3 Nc6 26. a3 h5 27. h3 Qb5
28. Bc1 Rxd1 29. Rxd1 Rd8 30. Rxd8+ Nxd8 31. Qd1 Qd7 32. Qe2 Nc6 33. f5 Ne7 34.
g4 hxg4 35. hxg4 gxf5 36. gxf5 Kh7 37. Bg5 Neg8 38. Nf3 Ng4 39. Kg1 f6 40. Bd2
Qc6 41. Nh4 Qb6+ 42. Kf1 Nh2+ 43. Ke1 Qg1+ 44. Bf1 Bh6 45. Bxh6 Nxh6 46. Qf2
Qxf1+ 47. Qxf1 Nxf1 48. Kxf1 Nf7 49. Ke2 Nd6 50. Kd3 Kh6 51. Ng6 Kg5 1/2-1/2

[Event "II Weekend"]
[Site "Recco ITA"]
[Date "2008.11.30"]
[Round "5"]
[White "Saffioti, Massimo"]
[Black "Vicentini, Andrea"]
[Result "0-1"]
[WhiteElo "1868"]
[BlackElo "1771"]
[PlyCount "49"]
[EventDate "2008.11.28"]

1. c4 e6 2. Nc3 f5 3. d4 Nf6 4. g3 d5 5. cxd5 exd5 6. Bg2 c6 7. Nf3 Bd6 8. O-O
O-O 9. Ne5 Nbd7 10. f4 Re8 11. e3 Nf8 12. Qb3 Qe7 13. Bd2 Be6 14. Qc2 Rac8 15.
Na4 b6 16. Rfc1 c5 17. dxc5 bxc5 18. b3 N8d7 19. Nxd7 Qxd7 20. Nb2 Bf7 21. Nd3
Ng4 22. Qc3 Nxe3 23. Ne5 Bxe5 24. fxe5 d4 25. Qxd4 0-1

[Event "II Weekend"]
[Site "Recco ITA"]
[Date "2008.11.30"]
[Round "5"]
[White "Valentini, Cesare"]
[Black "Astengo, Marcello"]
[Result "0-1"]
[WhiteElo "1842"]
[BlackElo "2100"]
[PlyCount "36"]
[EventDate "2008.11.28"]

1. d4 d5 2. Nf3 c5 3. Bf4 Qb6 4. Nc3 e6 5. Rb1 Nf6 6. e3 Bd7 7. Ne5 Be7 8. Be2
O-O 9. O-O Be8 10. a4 a6 11. dxc5 Qxc5 12. Nd3 Qc8 13. Qd2 Ne4 14. Nxe4 dxe4
15. Ne5 Bxa4 16. b3 Be8 17. c4 f6 18. Ng4 h5 0-1

[Event "X Festival B"]
[Site "Trieste ITA"]
[Date "2008.08.31"]
[Round "2"]
[White "Gioulis, Giorgio"]
[Black "Varini, Massimo"]
[Result "0-1"]
[WhiteElo "1837"]
[BlackElo "2064"]
[PlyCount "92"]
[EventDate "2008.08.31"]

1. e4 e6 2. d4 d5 3. Nc3 Bb4 4. Nge2 dxe4 5. Ng3 f5 6. Be3 Nf6 7. Bc4 Nd5 8.
Bxd5 exd5 9. O-O O-O 10. Nge2 c6 11. f3 Nd7 12. a3 Bd6 13. Qd2 Nf6 14. Bf4 Be6
15. Be5 Bf7 16. Ng3 Bg6 17. Nce2 Qc7 18. Nf4 Bxe5 19. Ne6 Bxg3 20. Nxc7 Bxc7
21. h3 Rae8 22. Qb4 Rf7 23. c4 Bg3 24. cxd5 Nxd5 25. Qb3 e3 26. Rfe1 Bf2+ 27.
Kf1 Rfe7 28. Re2 Bg3 29. Qc4 Bf7 30. Rc1 Nf4 31. Qc2 g6 32. a4 Bd5 33. a5 a6
34. Qc3 g5 35. Qc2 g4 36. Qxf5 gxf3 37. gxf3 Be6 38. Qc2 Bxh3+ 39. Kg1 Rg7 40.
Kh1 Nxe2 41. Qxe2 Bf2 42. Rc5 Rf8 43. Rh5 Bg2+ 44. Kh2 Bg1+ 45. Kxg1 Bxf3+ 46.
Kf1 Bxh5+ 0-1

[Event "VI Scaccomatto C"]
[Site "Torino ITA"]
[Date "2008.12.08"]
[Round "7"]
[White "Manino, Edoardo"]
[Black "Figari, Andrea"]
[Result "1-0"]
[WhiteElo "1539"]
[BlackElo "1590"]
[PlyCount "59"]
[EventDate "2008.12.04"]

1. d4 d5 2. c4 c6 3. Nf3 Nf6 4. Nc3 e6 5. e3 Be7 6. Qc2 Nbd7 7. g4 h6 8. h3
dxc4 9. Bxc4 Nd5 10. Bd2 N7f6 11. e4 Nxc3 12. bxc3 Nh7 13. O-O-O Qb6 14. Be3
Ba3+ 15. Kd2 Qa5 16. Ke2 b5 17. Bd3 Ba6 18. Ne5 c5 19. Nc6 Qc7 20. d5 c4 21.
Bxc4 bxc4 22. Qa4 exd5 23. Ne5+ Bb5 24. Qxb5+ Ke7 25. Qxd5 Rhf8 26. Nc6+ Ke8
27. Bf4 Qc8 28. Bd6 Bxd6 29. Qxd6 Qe6 30. Qd8+ 1-0

[Event "VI Scaccomatto B"]
[Site "Torino ITA"]
[Date "2008.12.04"]
[Round "1"]
[White "Topczewski, Damian"]
[Black "Mazzetta, Renato"]
[Result "1-0"]
[WhiteElo "1506"]
[BlackElo "1905"]
[PlyCount "61"]
[EventDate "2008.12.04"]

1. e4 d5 2. Nc3 d4 3. Nce2 c5 4. Ng3 e5 5. Bc4 g6 6. d3 Bg7 7. f4 exf4 8. Bxf4
Nf6 9. Nf3 O-O 10. O-O Nc6 11. a4 Ng4 12. Qd2 Qe7 13. Rae1 Nce5 14. Nxe5 Nxe5
15. Bb3 Be6 16. Nf5 gxf5 17. exf5 Bxb3 18. Bxe5 f6 19. Bf4 Qf7 20. cxb3 Qxb3
21. Bd6 Rfe8 22. Bxc5 Qxa4 23. Re6 Rxe6 24. fxe6 Re8 25. e7 b6 26. Bd6 Qd7 27.
Qf4 f5 28. g4 Qe6 29. gxf5 Qe3+ 30. Qxe3 dxe3 31. f6 1-0

[Event "VI Scaccomatto B"]
[Site "Torino ITA"]
[Date "2008.12.06"]
[Round "3"]
[White "De Paulis, Sergio"]
[Black "Mazzetta, Renato"]
[Result "1/2-1/2"]
[WhiteElo "1605"]
[BlackElo "1905"]
[PlyCount "65"]
[EventDate "2008.12.04"]

1. d4 d5 2. c4 c6 3. Nc3 e6 4. cxd5 exd5 5. Nf3 Nf6 6. Bg5 Be7 7. e3 Bf5 8. Ne5
O-O 9. a3 Nbd7 10. Qf3 Bc2 11. Rc1 Bb3 12. Bd3 Nxe5 13. dxe5 Nd7 14. Qh5 g6 15.
Bh6 Nxe5 16. Bb1 Re8 17. O-O Bf8 18. f4 Bxh6 19. Qxh6 Ng4 20. Qh3 h5 21. f5
Rxe3 22. Rf3 Rxf3 23. gxf3 Qb6+ 24. Kg2 Qf2+ 25. Kh1 Qxb2 26. Rf1 Nf2+ 27. Rxf2
Qxf2 28. fxg6 d4 29. Ne4 Qe1+ 30. Kg2 Qxb1 31. Qxh5 fxg6 32. Qxg6+ Kf8 33. Qh6+
1/2-1/2

[Event "VI Scaccomatto B"]
[Site "Torino ITA"]
[Date "2008.12.07"]
[Round "6"]
[White "Fortino, Fabrizio"]
[Black "Maccagno, Giancarlo"]
[Result "1-0"]
[WhiteElo "2051"]
[BlackElo "2100"]
[PlyCount "67"]
[EventDate "2008.12.04"]

1. e4 g6 2. d4 c6 3. Nc3 d6 4. h3 Nd7 5. Nf3 Bg7 6. Be3 b5 7. Qd2 Bb7 8. Be2 b4
9. Nd1 a5 10. c3 Ngf6 11. e5 dxe5 12. dxe5 Nd5 13. Bh6 Bxh6 14. Qxh6 Qc7 15. c4
N5b6 16. Qe3 e6 17. O-O c5 18. Re1 O-O 19. a4 Qc6 20. b3 Qe4 21. Qg5 h6 22. Qg3
Qc2 23. Nh4 Qe4 24. f4 Rfd8 25. Nf2 Qd4 26. Nxg6 fxg6 27. Qxg6+ Kf8 28. Bh5
Qxf4 29. Nd3 Qd4+ 30. Kh2 Nxe5 31. Qf6+ Kg8 32. Nxe5 Qd2 33. Qf7+ Kh8 34. Ng6#
1-0

[Event "VI Scaccomatto B"]
[Site "Torino ITA"]
[Date "2008.12.08"]
[Round "7"]
[White "Fortino, Fabrizio"]
[Black "Dimitrijevic, Dragan"]
[Result "1-0"]
[WhiteElo "2051"]
[BlackElo "2062"]
[PlyCount "63"]
[EventDate "2008.12.04"]

1. e4 c5 2. c3 d5 3. exd5 Qxd5 4. d4 Nf6 5. Nf3 Nc6 6. Be3 cxd4 7. cxd4 e6 8.
Nc3 Qd6 9. a3 Be7 10. h3 O-O 11. Be2 b6 12. Rc1 Bb7 13. O-O Rac8 14. Qd3 Rfd8
15. Rfd1 Nd5 16. Bf1 Na5 17. Ne4 Qb8 18. Neg5 g6 19. Rxc8 Rxc8 20. Bc1 Qc7 21.
b4 Nc4 22. Qe4 Nc3 23. Qh4 Bxg5 24. Nxg5 Nxd1 25. Qxh7+ Kf8 26. Bxc4 Bd5 27.
Bb5 e5 28. Ne6+ Bxe6 29. Qh8+ Ke7 30. Bg5+ f6 31. Qxf6+ Kd6 32. Qxe5# 1-0

[Event "VI Scaccomatto B"]
[Site "Torino ITA"]
[Date "2008.12.08"]
[Round "7"]
[White "Torrione, William"]
[Black "Mazzetta, Renato"]
[Result "0-1"]
[WhiteElo "1972"]
[BlackElo "1905"]
[PlyCount "46"]
[EventDate "2008.12.04"]

1. d4 d5 2. c4 c6 3. Nd2 Nf6 4. Ngf3 e6 5. g3 Nbd7 6. Bg2 Bd6 7. O-O O-O 8. Qc2
Re8 9. e4 dxe4 10. Ng5 h6 11. Ngxe4 Bc7 12. b3 Nxe4 13. Nxe4 Nf6 14. Nxf6+ Qxf6
15. Bb2 e5 16. d5 Bf5 17. Qc3 Rad8 18. f4 cxd5 19. Bxd5 Rxd5 20. cxd5 Bb6+ 21.
Rf2 Rc8 22. Qf3 Rc2 23. fxe5 Rxf2 0-1

[Event "VI Scaccomatto A"]
[Site "Torino ITA"]
[Date "2008.12.01"]
[Round "1"]
[White "Benitah, Yohan"]
[Black "Ragni, Paolo"]
[Result "1-0"]
[WhiteElo "2428"]
[BlackElo "2171"]
[PlyCount "93"]
[EventDate "2008.12.01"]

1. d4 f5 2. c4 Nf6 3. Nc3 g6 4. g3 Bg7 5. Bg2 d6 6. d5 O-O 7. Nh3 a5 8. Nf4 Na6
9. h4 Nc5 10. h5 g5 11. h6 Bh8 12. Nh3 g4 13. Nf4 Nce4 14. Nxe4 Nxe4 15. Bxe4
fxe4 16. Rh5 Rf5 17. Rh4 Rf6 18. Be3 Qf8 19. Nh5 Rg6 20. Qc2 Bf5 21. O-O-O Be5
22. Rdh1 c6 23. Qd2 cxd5 24. Qxd5+ Be6 25. Qxe4 Bf5 26. Qd5+ Be6 27. Qd3 Rc8
28. c5 b6 29. Nf4 Bxf4 30. gxf4 bxc5 31. Rh5 Bf7 32. f5 Rf6 33. Rg5+ Kh8 34.
Rxg4 Bxa2 35. Qc3 Rb8 36. Bg5 Bd5 37. f3 Rb3 38. Bxf6+ exf6 39. Qd2 Bf7 40. Ra4
Rb5 41. Rxa5 Rb4 42. e4 Rd4 43. Qg2 Bg8 44. Ra8 Qf7 45. Rg1 Qc4+ 46. Kb1 Qd3+
47. Qc2 1-0

[Event "VI Scaccomatto A"]
[Site "Torino ITA"]
[Date "2008.12.01"]
[Round "1"]
[White "Faraoni, Enrico"]
[Black "Mogranzini, Roberto"]
[Result "0-1"]
[WhiteElo "2117"]
[BlackElo "2415"]
[PlyCount "58"]
[EventDate "2008.12.01"]

1. e4 c5 2. b4 b6 3. bxc5 bxc5 4. Nc3 Nc6 5. Nf3 g6 6. h4 h5 7. Rb1 Bg7 8. Rh3
Nf6 9. Ng5 O-O 10. f4 d6 11. f5 Ne5 12. Rg3 e6 13. fxe6 fxe6 14. Be2 Nfg4 15.
Bf3 a6 16. Ne2 Qa5 17. Rb3 c4 18. Rc3 Qb6 19. Re3 Nxe3 20. dxe3 Ra7 21. Nd4
Nxf3+ 22. gxf3 Re7 23. f4 Qc5 24. Ngf3 e5 25. f5 exd4 26. Rxg6 Rxe4 27. Nxd4
Rxd4 28. Qxd4 Qxd4 29. exd4 Rf6 0-1

[Event "VI Scaccomatto A"]
[Site "Torino ITA"]
[Date "2008.12.01"]
[Round "1"]
[White "Finocchiaro, Gianluca"]
[Black "Rombaldoni, Axel"]
[Result "0-1"]
[WhiteElo "2026"]
[BlackElo "2334"]
[PlyCount "60"]
[EventDate "2008.12.01"]

1. d4 d5 2. Bf4 Nf6 3. e3 c5 4. c3 Nc6 5. Nf3 Nh5 6. Be5 f6 7. Bg3 Nxg3 8. hxg3
g6 9. Bd3 f5 10. dxc5 e5 11. Bb5 Bg7 12. Qa4 Bd7 13. Qh4 Bf6 14. Qh6 Qe7 15. b4
a5 16. Nbd2 axb4 17. Bxc6 Bxc6 18. cxb4 Bb5 19. Nb3 Bg7 20. Qg5 Bf6 21. Qh6 Ra3
22. O-O-O Rxa2 23. Rd2 Ra4 24. Rhd1 Bg7 25. Qg5 Qxg5 26. Nxg5 Rxb4 27. Na5 Ba4
28. Rh1 Rb5 29. Ne6 Rxa5 30. Ra2 Kf7 0-1

[Event "VI Scaccomatto A"]
[Site "Torino ITA"]
[Date "2008.12.01"]
[Round "1"]
[White "Hera, Imre jr"]
[Black "Gallucci, Alessio"]
[Result "1/2-1/2"]
[WhiteElo "2530"]
[BlackElo "2197"]
[PlyCount "87"]
[EventDate "2008.12.01"]

1. Nf3 c5 2. c4 Nf6 3. Nc3 Nc6 4. g3 g6 5. Bg2 Bg7 6. d4 cxd4 7. Nxd4 O-O 8.
O-O Nxd4 9. Qxd4 d6 10. Qd3 Rb8 11. Bd2 Bd7 12. Rac1 Bc6 13. e4 Nd7 14. b4 a6
15. f4 b5 16. cxb5 axb5 17. Be3 Kh8 18. Ne2 Bb7 19. Nd4 Ra8 20. Qb3 Nb6 21.
Nxb5 Ba6 22. Nc7 Bxf1 23. Nxa8 Bxg2 24. Nxb6 Bh3 25. a4 e5 26. Nd5 Be6 27. Qc2
f5 28. Qc7 Qa8 29. Qxd6 Bxd5 30. Qxd5 Qxa4 31. fxe5 Qxb4 32. Bc5 Qb2 33. Rf1
Rc8 34. e6 h5 35. e7 Kh7 36. Qd7 Rxc5 37. e8=Q Rc2 38. Qxg6+ Kxg6 39. Qxf5+ Kh6
40. Qe6+ Kh7 41. Qf5+ Kh6 42. Qf4+ Kh7 43. Qf5+ Kh6 44. Qf4+ 1/2-1/2